<?xml version="1.0" encoding="UTF-8"?>
<record
    xmlns:xsi="http://www.w3.org/2001/XMLSchema-instance"
    xsi:schemaLocation="http://www.loc.gov/MARC21/slim http://www.loc.gov/standards/marcxml/schema/MARC21slim.xsd"
    xmlns="http://www.loc.gov/MARC21/slim">

  <leader>00801naa a2200205 a 4500</leader>
  <controlfield tag="001">82188</controlfield>
  <controlfield tag="003">BD-RjUL</controlfield>
  <controlfield tag="005">20231026154828.0</controlfield>
  <controlfield tag="008">231026s13301951ir ||||| |||| 00| 0 p   d</controlfield>
  <datafield tag="035" ind1=" " ind2=" ">
    <subfield code="a">(BD-RjUL)82188</subfield>
  </datafield>
  <datafield tag="040" ind1=" " ind2=" ">
    <subfield code="a">BD-RjUL</subfield>
    <subfield code="b">eng</subfield>
    <subfield code="c">BD-RjUL</subfield>
  </datafield>
  <datafield tag="041" ind1=" " ind2=" ">
    <subfield code="a">per</subfield>
  </datafield>
  <datafield tag="082" ind1=" " ind2=" ">
    <subfield code="2">23</subfield>
    <subfield code="a">891.551</subfield>
    <subfield code="b">DAD [1330] 1951</subfield>
  </datafield>
  <datafield tag="245" ind1="1" ind2="0">
    <subfield code="a">&#x62F;&#x64A;&#x648;&#x627;&#x646; &#x633;&#x62E;&#x646;&#x648;&#x631; &#x646;&#x627;&#x645;&#x649; &#x62F;&#x627;&#x648;&#x631;&#x649; &#x641;&#x631;&#x632;&#x646;&#x62F; &#x648;&#x635;&#x627;&#x644; &#x634;&#x64A;&#x631;&#x627;&#x632;&#x649;   ;;  D&#x12B;v&#x101;n sukhanvar-i n&#x101;m&#x12B; D&#x101;var&#x12B; farzand-i Vi&#x1E63;&#x101;l Sh&#x12B;r&#x101;z&#x12B; /</subfield>
    <subfield code="c">&#x62F;&#x627;&#x648;&#x631;&#x649;&#x60C; &#x645;&#x62D;&#x645;&#x62F;. / Mu&#x1E25;ammad D&#x101;var&#x12B;</subfield>
  </datafield>
  <datafield tag="260" ind1=" " ind2=" ">
    <subfield code="a">Tehran :</subfield>
    <subfield code="b"> &#x643;&#x62A;&#x627;&#x628;&#x641;&#x631;&#x648;&#x634;&#x649; &#x645;&#x639;&#x631;&#x641;&#x62A;&#x60C;, / Kit&#x101;bfur&#x16B;sh&#x12B; Ma&#x2BB;rafat,. </subfield>
    <subfield code="c">1330 1951</subfield>
  </datafield>
  <datafield tag="300" ind1=" " ind2=" ">
    <subfield code="a">28, 686 pages :</subfield>
    <subfield code="b"> illustrations, facsimile, portrait ;</subfield>
    <subfield code="c">21 cm</subfield>
  </datafield>
  <datafield tag="650" ind1=" " ind2=" ">
    <subfield code="a">Persian poetry</subfield>
  </datafield>
  <datafield tag="650" ind1=" " ind2=" ">
    <subfield code="a"> Persian poetry </subfield>
    <subfield code="y">1796-</subfield>
    <subfield code="9">9758</subfield>
  </datafield>
  <datafield tag="942" ind1=" " ind2=" ">
    <subfield code="2">ddc</subfield>
    <subfield code="c">BK</subfield>
  </datafield>
  <datafield tag="999" ind1=" " ind2=" ">
    <subfield code="c">82188</subfield>
    <subfield code="d">82188</subfield>
  </datafield>
  <datafield tag="952" ind1=" " ind2=" ">
    <subfield code="0">0</subfield>
    <subfield code="1">0</subfield>
    <subfield code="2">ddc</subfield>
    <subfield code="4">0</subfield>
    <subfield code="7">1</subfield>
    <subfield code="8">NFIC</subfield>
    <subfield code="a">RUCL</subfield>
    <subfield code="b">RUCL</subfield>
    <subfield code="c">Reading</subfield>
    <subfield code="d">1957-05-17</subfield>
    <subfield code="g">22.00</subfield>
    <subfield code="l">0</subfield>
    <subfield code="o">F 891.551 DAD [1330] 1951</subfield>
    <subfield code="r">2023-10-26 00:00:00</subfield>
    <subfield code="t">C-1</subfield>
    <subfield code="w">2023-10-26</subfield>
    <subfield code="y">BK</subfield>
  </datafield>
</record>
